| 000 | 00403nam a2200157Ia 4500 | ||
|---|---|---|---|
| 008 | 230917s9999||||xx |||||||||||||| ||und|| | ||
| 040 |
_e85517 _aMAIN |
||
| 041 | _aEnglish | ||
| 082 | _a005.1 H66M | ||
| 100 | _aHoffer, Jeffrey A | ||
| 245 | 0 | _aModern systems analysis and design | |
| 250 | _a3rd ed. | ||
| 260 |
_aSingapore _bPearson Education Asia _c2002 |
||
| 300 | _axxxii, 733 p. | ||
| 942 | _cBK | ||
| 999 |
_c115383 _d115383 |
||